[Event "CPV-ch"]
[Site "Ponta do Sol"]
[Date "2023.12.10"]
[Round "9"]
[White "Silva, Bryan Jorge"]
[Black "Mirulla, David"]
[Result "1/2-1/2"]
[WhiteElo "1586"]
[BlackElo "1929"]
[PlyCount "60"]
[EventDate "2023.12.03"]
[EventType "tourn"]
[EventRounds "9"]
[EventCountry "KAP"]
[SourceTitle "CB50_2023"]
[SourceDate "2023.12.13"]
[SourceVersion "1"]
[SourceVersionDate "2023.12.13"]
[SourceQuality "1"]

1. e4 e5 2. Nf3 Nc6 3. Nc3 Nf6 4. d4 exd4 5. Nxd4 Bb4 6. Nxc6 dxc6 7. Qxd8+ Kxd8 8. Bg5 h6 9. Bxf6+ gxf6 10. 0-0-0+ Ke7 11. Ne2 Bc5 12. f3 f5 13. Ng3 f4 14. Ne2 f5 15. Nc3 Rg8 16. Kb1 Bb4 17. Ne2 Bd6 18. exf5 Bxf5 19. g3 Raf8 20. gxf4 Be6 21. Nd4 Bd7 22. Bd3 c5 23. Nf5+ Bxf5 24. Bxf5 Kf6 25. Rhe1 Re8 26. h4 Re3 27. Be4 b6 28. c3 Re8 29. Kc2 Rxe1 30. Rxe1 Re5 1/2-1/2

[Event "CPV-ch"]
[Site "Ponta do Sol"]
[Date "2023.12.05"]
[Round "4"]
[White "Teixeira, Gil Antonio Mendes"]
[Black "Silva, Bryan Jorge"]
[Result "1-0"]
[WhiteElo "1820"]
[BlackElo "1586"]
[PlyCount "91"]
[EventDate "2023.12.03"]
[EventType "tourn"]
[EventRounds "9"]
[EventCountry "KAP"]
[SourceTitle "CB50_2023"]
[SourceDate "2023.12.13"]
[SourceVersion "1"]
[SourceVersionDate "2023.12.13"]
[SourceQuality "1"]

1. e4 c5 2. Bc4 d6 3. Nf3 Nf6 4. d3 a6 5. a3 e6 6. Nc3 Be7 7. Ba2 Nbd7 8. Bf4 b5 9. 0-0 0-0 10. h3 Bb7 11. Rb1 Rc8 12. Qe2 Re8 13. Bg3 h6 14. Nh2 Nb8 15. f4 Nc6 16. Nf3 Bf8 17. Bh4 e5 18. Nd5 Be7 19. Nxe7+ Qxe7 20. fxe5 dxe5 21. Nh2 Nd4 22. Qd1 c4 23. Ng4 Kf8 24. Bxf6 gxf6 25. Nxf6 Qc5 26. Kh1 Red8 27. Qh5 Ke7 28. Qh4 Kd6 29. Nh7 Rd7 30. Qxh6+ Kc7 31. Nf6 Re7 32. Qe3 Qd6 33. dxc4 Qe6 34. Nd5+ Bxd5 35. cxd5 Qg6 36. c3 Rg8 37. Rf2 Kb7 38. cxd4 exd4 39. Qxd4 Rxe4 40. Qf6 Qg3 41. Qxf7+ Ka8 42. Qf3 Qg6 43. d6 Rge8 44. Bd5+ Kb8 45. Bxe4 Rxe4 46. Rd1 1-0